History Quiz

Random History or Politics Quiz
Score 0/31 Timer 10:00
2 Plays Today
% Correct
Scotland
95.7%
World War I
81.8%
China
80.7%
Sicily
79.9%
England
78.4%
Rome
78.1%
Sears (Willis) Tower
76.7%
Rhode Island
76.6%
Belgium
74.9%
Aztec Empire
74.2%
Clint Eastwood
72.9%
India
72.5%
Ecuador
67.9%
Hồ Chí Minh
67.8%
Constantinople
64.9%
Ottoman Empire
64.3%
% Correct
Peter the Great
64%
Halley's Comet
62.9%
Anne Boleyn
62.5%
Brown
61.3%
Elizabeth I
58.5%
Charleston
54.5%
St Helena
54.4%
Roman Empire
50.9%
Memorial Day
50.3%
Catholicism
48.9%
Trevi Fountain
48.8%
French First Republic
46.3%
Orléans
46%
Rudolf Hess
33.3%
Biafra
18.2%
Remove Ads.
Support Sporcle.
Get the best of Sporcle when you Go Orange. This ad-free experience offers more features, more stats, and more fun while also helping to support Sporcle. Thank you for becoming a member.

You're not logged in!

Compare scores with friends on all Sporcle quizzes.
OR
Log In

Sporcle TV

Today on Sporcle TV


Watch our educational content, quiz creation guides, and fun videos on Sporcle TV.

Show Comments

Extras

Top Quizzes Today


Score Distribution

Paid Content

Your Account Isn't Verified!

In order to create a playlist on Sporcle, you need to verify the email address you used during registration. Go to your Sporcle Settings to finish the process.

Report this User

Report this user for behavior that violates our Community Guidelines.

Details: